000 02047nam a22002537a 4500
001 6537
003 FISKH
005 20250508141445.0
008 250508b cb ||||| |||| 00| 0 eng d
020 _a9789996333149
040 _aFISKH
_bkhr
_cFISKH
_dFISKH
050 _aPZ7
082 _a495.932
100 _aSokheng, Kong
245 _aពាក្យកម្ចីបរទេស​និងលក្ខណ:សម្គាល់ពាក្យបាលី សំស្រ្កឺតក្នុងភាសាខ្មែរ /
_cរៀបរៀងនិងចងក្រងដោយលោក គង់ សុខហេង​ គ្រូបង្រៀនភាសាខ្មែរមធ្យមសិក្សាទុតិយភូមិ បរិញ្ញាបត្រជាន់ខ្ពស់វិទ្យាសាស្រ្តអប់រំ
250 _aបោះពុម្ពលើកទី១
260 _aភ្នំពេញ :
_bរោងពុម្ព ពេជ្រណែត ,
_c២០១១ .
300 _a228 pages :
_bcolor illustrations ;
_c20 cm .
520 _aសៀវភៅនេះផ្តោតសំខាន់លើការពិចារណាពីការខ្ចីពាក្យពីភាសាបរទេស និងលក្ខណៈសម្គាល់នៃពាក្យបាលី និងសំស្ក្រឹតក្នុងភាសាខ្មែរ។ វាជាឯកសារដ៏មានតម្លៃសម្រាប់អ្នកស្រាវជ្រាវ និងអ្នកចាប់អារម្មណ៍លើភាសា និងវប្បធម៌ខ្មែរ។
520 _aThis book primarily focuses on the study of foreign loanwords and the characteristics of Pali and Sanskrit words in the Khmer language. It is a valuable resource for researchers and those interested in the Khmer language and culture.
650 _aពាក្យកម្ចីបរទេស​
942 _2ddc
_cKHB
_n0
999 _c6537
_d6537